Géographie de l'Asie par lettre - A - Statistiques

Statistiques générales
  • Ce quiz a été pris 187 fois
  • Le résultat moyen est 9 sur 20
Statistiques - réponses
Indice Réponse % Correct
Capitale de la Jordanie Amman
89%
Pays envahi par l'URSS en 1979 ? L'Afghanistan
85%
L'Arménie
80%
La guerre du Haut-Karabagh se déroule à cheval sur deux pays, lesquels ? L'Azerbaidjan
78%
Monument religieux le plus grand du monde, situé au Cambodge Angkor Vat
66%
Lac salé d'Asie centrale connu pour être presque entièrement asséché La mer d'{Aral}
64%
Capitale du Turkménistan Achgabat
62%
Péninsule constituant la majeure partie du territoire turc et dont le nom signifie "lever de soleil" L'Anatolie
55%
Fleuve marquant une frontière entre Chine et Russie L'Amour
51%
Ville où se situe le célèbre Taj Mahal Agra
47%
Golfe séparant la mer rouge de la mer d'Arabie Le golfe d'{Aden}
45%
Que sont Spratley, Andaman, Moluques ou Ryūkyū ? Des Archipels
41%
Ville la plus peuplée du Kazakhstan Almaty
33%
Montagne népalaise de plus de 8 000 m de haut dont le nom signifie "Mère nourricière" en népalais L'Annapurna
32%
Que sont Narita ou Haneda au Japon ? Des Aéroports
24%
Organisation économique fondée en 1967 regroupant dix pays d'Asie du Sud-est L'ASEAN
24%
Ville d'environ 6 millions d'habitants et principale ville du Gujarat Ahmedabad
19%
Chaîne de montagnes partagée par la Chine, la Russie, le Kazakhstan et la Mongolie et ayant donné son nom à deux subdivisions administratives russes. L'Altaï
19%
Famille de langues parlées de Madagascar à l'île de Pâques dont le foyer se situe à Taïwan Les langues {Austronésiennes}
7%
Citez l'un des deux territoires contestés entre l'Inde et la Chine (Cachemire exclus) L'Aksai Chin/L'Arunachal Pradesh
6%
Aucun quiz correspondant
Distribution des résultats
% des personnes avec chaque résultat
Percentile par nombre de réponses
Votre historique - résultats
Vous n’avez pas pris ce quiz